Warrior cats A names - Statistics

General Stats
  • This quiz has been taken 49 times
  • The average score is 17 of 32
Answer Stats
% Correct
Adderfang
85%
Alder
85%
Alderheart
85%
AshfurShc
80%
AshfurTc
80%
Acorn fur
75%
Ashfoot
70%
Appledusk
65%
ApplefurOots
65%
ApplefurTf
65%
Antpelt
60%
Acorntail
55%
Ambermoon
55%
Aspenfall
55%
Aspentail
55%
Acornpaw
50%
Amberclaw
50%
Antfur
50%
Adderpaw
45%
Adderkit
40%
Appleshine
40%
Arc
40%
Ajax
35%
Alderbranch
35%
Amberleaf
35%
Archeye
35%
Ashheart
35%
Appledawn
30%
Applefrost
30%
Algernon
25%
Apple blossom
25%
Arc shadow
25%
No matching quizzes found
Score Distribution
Percent of People with Each Score
Percentile by Number Answered
Your Score History
You have not taken this quiz